Statistics for Guess the Celebrity - by Picture #10

Click here to take the quiz!

General Stats

  • This quiz has been taken 2,840 times
  • The average score is 6 of 16

Answer Stats

Answer% Correct
Millie Bobby Brown
87%
Neymar Jr.
72%
Amber Heard
68%
Noah Schnapp
68%
Sylvester Stallone
58%
Drew Barrymore
45%
Jada Pinkett Smith
44%
Bono
26%
Mandy Moore
22%
Milo Ventimiglia
14%
Gabrielle Union
12%
Grace Kelly
11%
Calum Scott
10%
Anne Hegerty
7%
Kate Bush
6%
Walker Hayes
2%

Score Distribution

Percentile by Number Answered

Percent of People with Each Score

Your Score History

You have not taken this quiz